| 000 | 00805nam a2200217 i 4500 | ||
|---|---|---|---|
| 001 | 24414 | ||
| 003 | ES-MaACL | ||
| 005 | 20240212164754.0 | ||
| 007 | t| | ||
| 008 | 021217s1953 sp ||||1| spa d | ||
| 245 | 0 | 0 |
_aAntología de cuentos de la literatura universal / _cestudio preliminar de Ramón Menéndez Pidal ; selección y notas por Gonzalo Menéndez Pidal y Elisa Bernis. |
| 260 |
_aBarcelona, etc : _bLabor, _c1953 ( _fArt. Gráf. Grijelmo) |
||
| 300 |
_aXLIV, 1050 p. ; _c24 cm. |
||
| 490 | 1 | _aGrandes antologías Labor | |
| 700 | 1 |
_aMenéndez Pidal, Ramón, _d1869-1968 _980315 |
|
| 700 | 1 |
_aMenéndez Pidal, Gonzalo, _d1911-2008 _980312 |
|
| 700 | 1 |
_aBernis, Elisa. _928344 |
|
| 830 | 0 |
_aGrandes antologías Labor _9180912 |
|
| 852 |
_aES-MaACL _jD-9106 _bR.34497 |
||
| 999 |
_c24414 _d24414 |
||